Rumänien-Quiz - Statistiken

Allgemein
  • Dieses Quiz wurde 2.658 mal gespielt
  • Das Durchschnittsergebnis liegt bei 15 aus 24
Antwortstatistiken
Frage Antwort % Korrekt
Hauptstadt von Rumänien Bukarest
97%
Nachbarland Bulgarien
95%
Meer, an dem Rumänien Küstenland besitzt {Schwarzes} Meer
93%
Nachbarland Ukraine
92%
Nachbarland Ungarn
91%
Nachbarland Moldawien
90%
Längster Fluss Donau
88%
Nachbarland Serbien
88%
Literarische Figur, die vom obigen Herrscher inspiriert wurde Dracula
82%
Historische Region von Zentralrumänien, in der diese Figur lebte Siebenbürgen
76%
"Rumänien" auf Rumänisch România
73%
Rumänien wurde 1877 von diesem Reich unabhängig Osmanisches Reich
70%
Bergkette, die durch Rumänien geht Karpaten
64%
Brutaler Herrscher, der seine Feinde durch Pfählen hinrichtete Vlad der Pfähler
52%
Autohersteller, der für 8% der Exporte Rumäniens verantwortlich ist Dacia
49%
Land, in dem mehr als 1.2 Millionen Einwanderer aus Rumänien leben Italien
44%
Währung von Rumänien Leu
43%
Zweitgrößte Stadt {Cluj}-Napoca
42%
Nennen Sie eines der vier Länder weltweit mit einer tieferen Geburtenrate als Rumänien Singapur | Taiwan | Südkorea | Bosnien
37%
Diktator, der am 25. Dezember 1989 durch Kommando erschoßen wurde Nicolae Ceaușescu
28%
Schloss, das fälschlicherweise als Wohnort dieser Figur anerkannt wird Schloss {Bran}
21%
Letzter König Rumäniens, 1947 von den Sowjets aus Rumänien exiliert Michael
16%
Kunstturnerin, die bei den Olympischen Spielen von 1976 als erste die Note 10.0 erhielt Nadia Comăneci
15%
Rumänischer Schriftsteller und einer der Gründer der künstlichen Bewegung des Dadaismus Tristan Tzara
6%
Keine übereinstimmenden Quizze gefunden
Verteilung der Resultate
Anzahl Personen mit jedem Resultat
Perzentil nach korrekt beantworteten Fragen
Ihre Resultats-Entwicklung
Sie haben dieses Quiz noch nicht gespielt